| 000 | 00878nam a2200241 a 4500 | ||
|---|---|---|---|
| 001 | 41354 | ||
| 003 | BD-RjUL | ||
| 005 | 20211209053354.0 | ||
| 008 | 160529s1953 ii ||||| |||| 00| 0 ben d | ||
| 020 | _cIRs. .50 | ||
| 035 | _a(BD-RjUL)41471 | ||
| 040 |
_aBD-RjUL _bben _cBD-RjUL _dBD-RjUL |
||
| 041 | _aben | ||
| 082 |
_223 _a294.3 _bBAB 1953 |
||
| 100 |
_aবাগচী, প্রবোধ চন্দ্র _9127164 |
||
| 245 | 1 | 0 |
_aবৌদ্ধ ধর্ম ও সাহিত্য / _cপ্রবোধ চন্দ্র বাগচী |
| 260 |
_aকলিকাতা : _bবিশ্বভারতী, _c১৯৫৩ (১৩৫৯) |
||
| 300 |
_a[৪], ৬৬ পৃ. ; _c২০ সেমি. |
||
| 500 | _aপরিশিষ্ট সংযুক্ত | ||
| 650 |
_aবৌদ্ধধর্ম _9127165 |
||
| 650 |
_aBuddhism _9127166 |
||
| 942 |
_2ddc _cBK |
||
| 999 |
_c41354 _d41354 |
||